Guide to the census

Written by a veteran journalist and Bloomberg data editor ("an information behemoth—a news aggregator, government contract database, Congressional staff directory, and source for policy research and analysis all in one website." —New York Times), Guide to the Census gives you the knowledge...

Deskribapen osoa

Gorde:
Xehetasun bibliografikoak
Egile nagusia: Bass, Frank
Formatua: Liburua
Hizkuntza:Undetermined
Argitaratua: Hoboken, N.J. Wiley 2013
Gaiak:
Etiketak: Etiketa erantsi
Etiketarik gabe, Izan zaitez lehena erregistro honi etiketa jartzen!
Thư viện lưu trữ: Trung tâm Học liệu Trường Đại học Cần Thơ
LEADER 01125nam a2200217Ia 4500
001 CTU_206729
008 210402s9999 xx 000 0 und d
020 |c 65.46 
082 |a 317.3 
082 |b B317 
100 |a Bass, Frank 
245 0 |a Guide to the census 
245 0 |c Frank Bass 
260 |a Hoboken, N.J. 
260 |b Wiley 
260 |c 2013 
520 |a Written by a veteran journalist and Bloomberg data editor ("an information behemoth—a news aggregator, government contract database, Congressional staff directory, and source for policy research and analysis all in one website." —New York Times), Guide to the Census gives you the knowledge and tools you need to access and successfully navigate Census data and explores the nearly limitless ways in which that data can be leveraged to market your products or services, grow your company, and promote every aspect of your company's success. 
650 |a United States,Hoa Kỳ 
650 |x Census,Methodology,Điều tra dân số,Phương pháp luận 
904 |i Hải 
980 |a Trung tâm Học liệu Trường Đại học Cần Thơ